000 00556ntaaa2200193 4500
003 01
005 20251027201442.0
008 0714s1973 ag 01
040 _aAR-BaBN
_bspa
_cAR-BaBN
_eaacr
_dRIC
082 _a226.2000 St3
100 _aStewart, Roberto Gualtiero
_913146
245 _aCommentario Esegetico Pratico dei Quattro Evangeli. Parte Prima: Matteo.
250 _a1 ed. :
_bLibreria Editrice Claudiana,
_cc1929
300 _axxxviii, 312 p.
650 _aBiblia-N.T.-Mateo
650 _aMateo
_94387
650 _aItaliano
_913148
942 _cBK
999 _c9038
_d9038